Populismo e ideología /

保存先:
書誌詳細
第一著者: Ipola, Emilio de
フォーマット: テキスト
主題:
タグ: タグ追加
タグなし, このレコードへの初めてのタグを付けませんか!

MARC

LEADER 00000 a a2200000 04500
001 44279
003
040
100 |a Ipola, Emilio de  
245 |a Populismo e ideología /  |c Emilio de Ipola  
650 |a IDEOLOGIAS  
650 |a GOBIERNO  
773 |g volumen41, número3 ( , 1979), Páginas 925-960  
999 |c 35352  |d 35352